Most Appearances & Goals at the FIFA World Cup for Argentina - Statistics

General Stats
  • This quiz has been taken 167 times
    134 since last reset
  • The average score is 14 of 31
Answer Stats
Answer % Correct
Lionel Messi
100%
Diego Maradona
97%
Angel Di Maria
92%
Gonzalo Higuain
82%
Gabriel Batistuta
81%
Javier Mascherano
75%
Sergio Agüero
75%
Nicolas Otamendi
68%
Mario Kempes
65%
Hernan Crespo
63%
Julian Alvarez
62%
Carlos Tevez
54%
Sergio Romero
54%
Daniel Passarella
49%
Jorge Burruchaga
43%
Claudio Caniggia
41%
Maxi Rodriguez
36%
Guillermo Stabile
32%
Jorge Valdano
31%
Ubaldo Fillol
29%
Oscar Ruggeri
28%
Leopoldo Luque
25%
Daniel Bertoni
20%
Rene Houseman
20%
Alberto Tarantini
19%
Jorge Olguin
17%
Luis Artime
17%
Julio Olarticoechea
16%
Luis Galvan
14%
Carlos Peucelle
9%
Omar Oreste Corbatta
9%
No matching quizzes found
Score Distribution
Percent of People with Each Score
Percentile by Number Answered
Your Score History
You have not taken this quiz since the last reset